Briefcase on land law

Bibliographic Details
Main Author: Royle, Richard
Format: Book
Published: London : Cavendish Publication , 1995
Subjects:

MARC

LEADER 00000cam a2200000 7i4500
001 0000004299
005 20030123.0
020 |a 1859412483 
040 |a INS 
090 0 0 |a KUC66   |b R891 1995 
100 1 |a Royle, Richard 
245 1 0 |a Briefcase on land law   |c Richard Royle 
260 |a London :   |b Cavendish Publication ,   |c 1995 
300 |a 204 pgs. 
650 0 0 |a Land Laws   |z Great Britain 
650 0 0 |a Real property   |z Great Britain   |x Cases 
650 0 0 |a Real property   |z Great Britain   |x Land and legislation 
999 |a 0000007207   |b BOOK   |c Open Shelf   |e Default branch